Métodos de investigación por encuesta

Gespeichert in:
Bibliographische Detailangaben
1. Verfasser: Babbie, Earl R (VerfasserIn)
Format: Buch
Sprache:Spanisch
Veröffentlicht: Ciudad de México Fondo de Cultura Económica 1988
Schriftenreihe:Biblioteca de la Salud
Schlagworte:
Tags: Tag hinzufügen
Keine Tags, Fügen Sie den ersten Tag hinzu!

MARC

LEADER 00000nam a2200000 a 4500
001 UCM8599
003 CL-VaPUC
008 030321e19880000MX |||||||||||||||||spa|d
082 0 4 |a 001.433  |b BAB  |2 21 
100 0 |a Babbie, Earl R  |e author  |9 474667 
245 1 0 |a Métodos de investigación por encuesta 
300 |a 439 p 
942 |c BK 
945 |d 20030321 00:00:00  |a cmena 
260 |a Ciudad de México  |b Fondo de Cultura Económica  |c 1988 
650 0 |a Métodos de investigación   |9 262618 
650 0 |a Encuestas   |9 259666 
650 0 |a Estadística aplicada  |9 270522 
650 7 |a METODOS DESCRIPTIVOS  |2 CL-VaPUC  |9 474668 
583 |a last modification  |c 20030321 00:00:00  |k Rodrigo Vera 
490 0 |a Biblioteca de la Salud 
999 |c 303061  |d 303059 
952 |0 0  |1 0  |4 0  |6 001_433000000000000_BAB_1988  |7 0  |8 A  |9 364016  |a BIBGIM  |b BIBGIM  |d 2019-11-21  |i 3883027  |o 001.433 BAB 1988  |p 3883027  |r 2025-01-15  |w 2019-11-21  |y BK  |k EST